Willem quotes lyrics #1 - Statistics

General Stats
  • This quiz has been taken 5 times
  • The average score is 9 of 30
Answer Stats
Hint BAND % Correct
"...I've got to break free God knows, God knows I want to break free. I've fallen in love I've fallen in love for the first time And this time I know it's for real I've fallen in love, yeah..." Queen
100%
"...You're in the mood for a dance And when you get the chance... You are the Dancing Queen, young and sweet, only seventeen..." ABBA
80%
"...Goin' down Party time My friends are gonna be there too I'm on the highway to (JETPUNK) On the highway to (JETPUNK) Highway to (JETPUNK)..." AC/DC
60%
"...Exit light Enter night Take my hand We're off to Never—, Neverland Something's wrong, shut the light Heavy thoughts tonight And they aren't of Snow White Dreams of war, dreams of liars Dreams of dragon's fire And of things that will bite..." Metallica
60%
"...Hate me Do it and do it again Waste me Rape me my friend I'm not the only one..." Nirvana
60%
"...Hello, Is there anybody in there? Just nod if you can hear me. Is there anyone at home? Come on now I hear you're feeling down Well, I can ease your pain..." Pink Floyd
60%
"...Hey hey hey, that's what I say I can't get no satisfaction I can't get no girl reaction Cause I try and I try and I try and I try I can't get no, I can't get no..." The Rolling Stones
60%
"...We didn't start the fire It was always burning Since the world's been turning We didn't start the fire No, we didn't light it But we tried to fight it..." Billy Joel
40%
"...'Cause nothin' lasts forever And we both know hearts can change And it's hard to hold a candle In the cold November rain..." Guns N' Roses
40%
"I am the passenger and I ride and I ride I ride through the city's backsides I see the stars come out of the sky Yeah, the bright and hollow sky You know it looks so good tonight I am the passenger..." Iggy Pop
40%
"...Yes, there are two paths you can go by, but in the long run There's still time to change the road you're on. And it makes me wonder. Your head is humming and it won't go, in case you don't know, The piper's calling you to join him, Dear lady, can you hear the wind blow, and did you know Your stairway lies on the whispering wind?..." Led Zeppelin
40%
"...Wake up (wake up) Grab a brush and put a little make-up Hide the scars to fade away the shake-up (hide the scars to fade away the...) Why'd you leave the keys upon the table? Here you go create another fable..." System of a Down
40%
"...Living is easy with eyes closed Misunderstanding all you see It's getting hard to be someone but it all works out It doesn't matter much to me Let me take you down, cause I'm going to Strawberry Fields Nothing is real..." The Beatles
40%
"...Down in a hole and I don't know if I can be saved See my heart I decorate it like a grave Oh, you don't understand who they thought I was supposed to be Look at me now I'm a man who won't let himself be Down in a hole, feeling so small Down in a hole, losing my soul I'd like to fly, But my wings have been so denied..." Alice in Chains
20%
"What you get and what you see Things that don't come easily Feeling happy in my pain Icicles within my brain (cocaine) Something blowing in my head..." Black Sabbath
20%
"...Nice guys finish last You're running out of gas Your sympathy will get you left behind Sometimes you're at your best, when you feel the worst Do you feel washed up, like piss going down the drain..." Green Day
20%
"...Sometimes when you're scared to take a look At the corner of the room You've sensed that something's watching you. Fear of the dark, fear of the dark I have a constant fear that something's always near Fear of the dark, fear of the dark. I have a phobia that someone's always there..." Iron Maiden
20%
"...Don't speak I know what you're thinking I don't need your reasons Don't tell me 'cause it hurts Our memories They can be inviting But some are altogether Mighty frightening..." No Doubt
20%
"...I take a walk outside, I'm surrounded by some kids at play I can feel their laughter, so why do I sear? Oh, and twisted thoughts that spin round my head, I'm spinning, oh, I'm spinning, how quick the sun can drop away And now my bitter hands cradle broken glass of what was everything All the pictures have all been washed in black, tattooed everything..." Pearl Jam
20%
"...Betrayed by many, now ornaments dripping above Awaiting the hour of reprisal Your time slips away Raining blood From a lacerated sky Bleeding its horror..." Slayer
20%
"...You've got a look that made me think you're cool But it's just sexual attraction Not something real so I'd rather keep wackin' Why bother? It's gonna hurt me It's gonna kill when you desert me This happened to me twice before Won't happen to me anymore..." Weezer
20%
"...mother, father, look at your little monster, I'm a hero, I'm a zero, I'm the butt of the worst joke in history, I'm a lock without a key, A city with no door, A prayer without faith, A show without a score..." Bad Religion
0%
"...took a chance on a chance But the aces were high Get it on, give it up, give it in You stole the wages of sin Got to be in it to win Nine lives, nine times to die I've been bitten once But I won't be twice shy Nine lives, nine times to die Come on and show me your hand Cause it's your time to cry..." Def Leppard
0%
"...Hey you, big star, tell me when it's over Hey you, big mood, guide me to shelter `Cause I'm through when the two hits the six and it's summer Cloud Come (shove it) [x3] Shove (shove it) [x3]..." Deftones
0%
"...All I ever needed Is here in my arms Words are very unnecessary They can only do harm Vows are spoken To be broken Feelings are intense Words are trivial Pleasures remain So does the pain..." Depeche Mode
0%
"...Karaoke castration Take the wasp alive He's gonna sting you anyway And take you to the hive Yesterday was suckin' and Tomorrow's looking bad Who knew that today Was the only thing I had Hospital food Want some hospital food..." Eels
0%
"...The way you shake it, I can't believe it I ain't never seen an ass like that The way you move it, you make my pee-pee go Doing, doing, doing..." Eminem
0%
"...It jumped right up 'N' grabbed my meat Got it from the toilet seat My balls feel like a pair of maracas My balls feel like a pair of maracas Oh God I probably got the Gon-o-ka-ka-khackus! My balls feel like a pair of maracas Ai-ee-ai-ee-ahhhh! Why does it Why does it Why does it Why does it hurt... when... I Peeeeeeeeeeeeeeeeeeeeeeeeeeeeeeeee?" Frank Zappa
0%
"...The humanity I know, watched the warmth blow away So don't let the world bring you down Not everyone here is that (JETPUNK)ed up and cold Remember why you came and while you're alive Experience the warmth before you grow old..." Incubus
0%
"...Don't you need somebody to love? Wouldn't you love somebody to love? You better find somebody to love Love When the garden flowers Baby, are dead, yes And your mind, your mind Is so full of red Don't you want somebody to love?..." Jefferson Airplane
0%
No matching quizzes found
Score Distribution
Percent of People with Each Score
Percentile by Number Answered
Your Score History
You have not taken this quiz